Children by Parents Quiz Stats

 Plays Quiz not verified by Sporcle

Challenge
Share
Tweet
Embed
Score 0/38 Timer 06:00
0 Plays Today
Parents Child % Correct
Frank and Marie BaroneRaymond and Robert Barone
70.2%
Jonathan and Martha KentClark Kent (Adopted)
60.5%
Ross Geller and Rachel GreenEmma Geller-Green
57.7%
Red and Kitty FormanLaurie and Eric Forman
51.6%
Hank and Peggy HillRobert Jeffrey Hill
41.5%
Alan Harper and Judith MelnickJake Harper
35.9%
Archie and Edith BunkerGloria Bunker Stivic
30.6%
Piper Halliwell and Leo WyattWyatt and Chris Halliwell
27.8%
Bob Barker and Loretta StinsonBarney Stinson
27%
Christopher and Carla Espinosa TurkIsabella Turk
24.6%
William and Helene BeeslyPamela Morgan Halpert
24.6%
Frasier Crane and Lilith SterninFrederick Crane
24.6%
Tobias and Lindsay Bluth FunkeMae Funke
24.6%
Cleveland and Loretta BrownCleveland Brown Jr.
24.6%
John and Mary WinchesterSam and Dean Winchester
23%
Stan and Francine SmithHayley and Steve Smith
22.6%
Aaron and Haley Brooks HotchnerJack Hotchner
21.4%
Noah and Sandra BennetClaire (Adopted) and Lyle Bennet
21%
Dr. V. M. and Mrs. KoothrappaliDr. Rajesh Ramayan Koothrappali
20.6%
Parents Child % Correct
Stephen and Mrs. BartowskiCharles Bartowski
20.6%
Michael Scofield and Sara TancrediMichael Scofield Jr.
19%
Angel and DarlaConnor
18.5%
Jack and Teri BauerKim Bauer
17.7%
Seeley Booth and Rebecca StinsonParker Booth
14.1%
Joe and Allison DuBoisAriel, Bridgette, and Marie DuBois
12.9%
Bill and Winnie GusterBurton Guster
12.1%
Professor Hubert J. FarnsworthCubert Farnsworth (Clone)
11.3%
Mitch and Natalie TeegerJulie Teeger
11.3%
Richard and Christine CampbellRichard Mortimer Campbell Jr.
10.9%
Leroy Jethro and Shannon GibbsKelly Gibbs
9.7%
Dexter and Rita MorganHarrison Morgan
9.3%
Kushina Uzumaki and Minato NamikazeNaruto Uzumaki
8.9%
Danny Messer and Lindsay MonroeLucy Messer
8.1%
Richard and Meredith CastleAlexis Castle
6.5%
Ethan Rickover and Trudy MonkMolly Evans
6.5%
Hank Moody and Karen van der BeekRebecca Moody
6.5%
Isshin and Masaki KurosakiIchigo Kurosaki
6%
Vic and Corinne MackeyCassidy, Matthew, and Megan Mackey
5.2%

You're not logged in!

Compare scores with friends on all Sporcle quizzes.
Join for Free
OR
Log In

You Might Also Like...

Show Comments

Extras

Top Quizzes Today


Score Distribution

Your Account Isn't Verified!

In order to create a playlist on Sporcle, you need to verify the email address you used during registration. Go to your Sporcle Settings to finish the process.

Report this User

Report this user for behavior that violates our Community Guidelines.

Details: